STN EN 1021-1: 2006 (91 0232) [neplatná], Nábytok. Hodnotenie zápalnosti čalúneného nábytku Časť 1 Zdroj zapálenia: tlejúca cigareta

Norma je slovenskou verziou EN 1021-1: 2006

Bibliographic Details
Corporate Author: Technická univerzita vo Zvolene. Drevárska fakulta (Translator)
Other Authors: Joščák, Pavol, 1951- (Translator), Osvald, Anton (Translator)
Format: Book
Language:Slovak
English
PhysicalDescription:20 s. obr. 30 cm
Published: Bratislava Slovenský ústav technickej normalizácie 2006
Subjects:

MARC

LEADER 00000cam a2200000 a 4500
001 vtls009860822
003 SK-MaSNL
005 20260302081013.0
008 090726s2006 xo a f u 000 0 slo
015 |a SNBN2016 
020 |c (cen. skup. 11) 
035 |a (SVKBBclas03)vtls000250665 
040 |a SNK  |b slo  |c SNK  |e AACR2 
041 1 |a slo  |a eng  |h eng 
044 |a xo  |c SK 
046 |a m  |m 20061001 (účin.)  |n 20150401 (zruš.) 
072 7 |a 684  |x Nábytkársky priemysel  |2 konspekt 
072 7 |a 620.1/.2  |x Náuka o materiáli  |2 konspekt 
072 7 |a 536  |x Teplo. Termodynamika  |2 konspekt 
080 |a 684.4.07  |2 2001 
080 |a 536.468  |2 2001 
080 |a 006.86  |2 2001 
080 |a (437.6)  |2 2001 
080 |a (4)  |2 2001 
080 |a (083)  |2 2001 
080 |a 620.2-027.267  |2 2001 
084 |a 13.220.40  |2 ICS 
084 |a 97.140  |2 ICS 
130 0 |a STN 91 0232 (STN EN 1021-1) [neplatná]  |9 688939 
245 1 0 |a STN EN 1021-1: 2006 (91 0232) [neplatná], Nábytok. Hodnotenie zápalnosti čalúneného nábytku  |n Časť 1  |p Zdroj zapálenia: tlejúca cigareta 
246 1 0 |a Nábytok 
246 1 0 |a Hodnotenie zápalnosti čalúneného nábytku 
246 1 0 |a Zdroj zapálenia: tlejúca cigareta 
246 3 0 |a EN 1021-1: 2006 E 
260 |a Bratislava  |b Slovenský ústav technickej normalizácie  |c 2006 
300 |a 20 s.  |b obr.  |c 30 cm 
500 |a Od 1.10.2006 nahrádza v celom rozsahu STN EN 1021-1 z januára 2002 
500 |a Spracovateľ: Technická univerzita vo Zvolene, Pavol Joščák, Anton Osvald 
500 |a Súbežný názov anglicky, nemecky a francúzsky 
500 |a [Norma je nahradená normou STN EN 1021-1 z apríla 2015] 
520 8 |a Norma je slovenskou verziou EN 1021-1: 2006 
540 |a STN vydané na akomkoľvek nosiči sa môžu rozmnožovať a rozširovať iba so súhlasom určenej právnickej osoby  |b SÚTN Bratislava  |c zákon 264/1999 Z.z. 
546 |a Terminológia aj v angličtine 
650 0 7 |a čalúnený nábytok  |2 SNKPH  |9 70157 
650 0 7 |a technické normy a štandardy  |z Slovensko  |2 SNKPH  |9 79594 
650 0 7 |a Upholstered furniture  |2 SNKPHeng  |9 425087 
650 0 7 |a technické normy a štandardy  |z krajiny Európskej únie  |2 SNKPH  |9 289341 
650 0 7 |a požiarna odolnosť  |2 SNKPH  |9 85175 
650 0 7 |a Fire robustness  |2 SNKPHeng  |9 323099 
650 0 7 |a Flammability  |2 SNKPHeng  |9 407793 
650 0 7 |a horľavosť  |2 SNKPH  |9 14887 
655 7 |a normy  |2 SNKPH  |9 70643 
700 1 |a Joščák, Pavol,  |d 1951-  |4 trl  |9 223772 
700 1 |a Osvald, Anton  |4 trl  |9 270813 
710 2 |a Technická univerzita vo Zvolene.  |b Drevárska fakulta  |4 trl  |9 32731 
710 2 |a Slovenský ústav technickej normalizácie (Bratislava, Slovensko).  |b Technická komisia č. 16 Drevárske výrobky  |4 stn  |9 319023 
852 |a Štátna vedecká knižnica v Banskej Bystrici 
958 |a OP 
999 |c 1174921  |d 1176851 
952 |a SNK  |b SNK  |y PREZ  |7 0  |p 17A0526119  |o snkSTN EN 1021-1  |i snk2006/20153  |8 0  |0 0  |1 0  |4 0  |d 2006-10-06  |l 0  |r 2026-02-24 21:19:03  |w 2026-02-24 
952 |a SNK  |b SNK  |y PREZ  |7 0  |p 17A0526118  |o snkSTN EN 1021-1 D1  |i snk2006/20154  |8 0  |0 0  |1 0  |4 0  |d 2006-10-06  |l 0  |r 2026-02-24 21:19:03  |w 2026-02-24